• 首页
  • 本馆介绍
  • 公告通知
  • 最新文献
  • 馆藏检索
  • 电子资源
  • 读者导购
  • 参考咨询
  • 我的图书馆
  • 登录
  • 详细信息显示
  • 放入我的书架
  • 预约/预借图书
  • 作者相关作品
  • 分类相关作品
  • 丛书相关作品
  • 出版社相关作品

书目信息

  • 表格格式
  • 工作单格式
  • 卡片格式
书名: Roots of the western tradition
作者: C. Warren Hollister, Guy MacLean Rogers.
分册号:
分册名:
出版地: Boston, Mass. :
 
出版社: McGraw-Hill
出版时间: 2004.
页数: xx, 263 p. :
开本: 22 cm.
丛书名:
中图分类号:
科图分类号:
其他分类号: K502
主题词:
电子资源: http://www.loc.gov/catdir/toc/mh041/2004053864.html     
000 00739cam 22002178a 4500
001 E0756484130
005 20070319162849.34
020    @a007235089X (pbk.).
090    @aK502
099    @dK502@ex1=7
100 1  @aHollister, C. Warren@q(Charles Warren),@d1930-
245 10 @aRoots of the western tradition :@ba short history of the ancient world / @cC. Warren Hollister, Guy MacLean Rogers.
250    @a7th ed.
260    @aBoston, Mass. :@bMcGraw-Hill,@c2004.
300    @axx, 263 p. :@bill, ;@c22 cm.
504    @aIncludes bibliographical references and index.
700 1  @aRogers, Guy MacLean.
856 41 @3Table of contents@uhttp://www.loc.gov/catdir/toc/mh041/2004053864.html
920    @a233020@z2
920    @a221020@z1
998    @aZJU
    
    Roots of the western tradition : : a short history of the ancient world / / C. Warren Hollister, Guy MacLean Rogers.-7th ed.-Boston, Mass. : : McGraw-Hill, , 2004.
    xx, 263 p. : : ill, ; ; 22 cm.
    Includes bibliographical references and index.
    
    ISBN 007235089X (pbk.).
    
●
相关链接 在E读中查询图书 在五车中查询图书 在当当中查询图书 在豆瓣中查询图书


正题名:Roots of the western tradition     索取号:K502/x1=7         预约/预借

序号 登录号 条形码 馆藏地/架位号 状态 备注
1 0002874   300028743   第二样本阅览室/ [索取号:K502/x1=7] 在馆    
2 0002875   300028752   第四借阅区/ [索取号:K502/x1=7] 在馆    
3 0002876   300028761   第四借阅区/ [索取号:K502/x1=7] 在馆    
唐山师范学院图书馆 欢迎您!
大连网信软件有限公司© 版权所有